=LDR 00000nam 2200000 4500 =001 INLIS000000000001840 =005 20130612090226 =008 ***********************************Ind** =035 ##$$a0010-061300000001840 =041 ##$$a Ind =082 ##$$a 701.1 =090 ##$$a 701.1, Har m =100 ##$$a Hartoko, Dick =245 ##$$a Manusia dan seni, Dick Hartoko =260 ##$$a 1984 $b Yogyakarta =300 ##$$a 107 hlm, Ilus, 21 cm =650 ##$$a Estetika =850 ##$$a NBPNMAT =990 ##$$a 0001/BPAP-NTB/20142014